000 00712nam a2200253Ia 4500
003 OSt
005 20220926013038.0
006 a|||||r|||| 00| 0
007 ta
008 220923b |||||||| |||| 00| 0 eng d
037 _cGeneral Book
040 _aRTL
_cRTL
_beng
041 _2eng
_aeng
082 _aX, L2
100 _aForbush Dasomb R
_9317772
245 0 _aStudy guide and problems to accompany Lipsey and steiner Economics
250 _a3
260 _aNew York
_bHarper and Row
_c1972
300 _a344p
_ccm.
650 _aEconomic Theory
700 _a Forbush Dorothy
_9317773
942 _hX, L2
_cGB
_2CC
999 _c625062
_d625062